Vista normal Vista MARC
  • Botas y zapatos

Entrada Materia

Número de registros utilizados en: 1

001 - NÚMERO DE CONTROL DEL REGISTRO

  • campo de control: 51862

003 - IDENTIFICADOR DE NUMERO DE CONTROL

  • campo de control: MX-MxUPN

005 - FECHA Y HORA DE LA ÚLTIMA TRANSACCIÓN

  • campo de control: 20240507102329.0

008 - DATOS DE LONGITUD FIJA

  • campo de control de longitud fija: 240507nn fnnnnbabb n ana d

040 ## - FUENTE DE LA CATALOGACIÓN

  • Centro catalogador de origen: MX-MxUPN
  • Lengua de catalogación: spa

150 ## - ENCABEZAMIENTO - TEMÁTICO

  • Término de materia o nombre geográfico como elemento inicial: Botas y zapatos
  • Subdivisión de forma: Literatura infantil

670 ## - FUENTE EN LA QUE SE LOCALIZARON DATOS

  • Cita de la fuente: Autoridades BGTQ, 7 mayo 2024 :
  • Información localizada: (Botas y zapatos -- Literatura infantil)

902 ## - CATALOGADOR

  • Catalogador: VíctorGodínez/070524